000 00341nam a22001337a 4500
020 _qHB.
040 _cFIZZA ISHAQ
082 _a658.2
_bBEV
100 _aPETER, NUTT BEV.
_991249
245 _aFACILITY MANAGEMENT RISK AND OPPORTUNITIES /
_cBEV NUTT PETER.
260 _aNEW YORK ;
_bWILEY,
_c2000.
300 _a298 P. ;
942 _2ddc
_cBK
999 _c589425
_d589425